Segundo coloquio sobre ecuaciones diferenciales y aplicaciones

Guardat en:
Dades bibliogràfiques
Autor corporatiu: Universidad del Zulia (Autor)
Format: Llibre
Idioma:espanyol
Publicat: Maracaibo Universidad del Zulia 1996
Matèries:
Etiquetes: Afegir etiqueta
Sense etiquetes, Sigues el primer a etiquetar aquest registre!

MARC

LEADER 00000nam a2200000 a 4500
001 UCT6413
003 CL-VaPUC
008 970113e19960000VE |||||||||||||||||spa|d
082 0 4 |a 515.35  |b UNI  |2 21 
110 2 |a Universidad del Zulia  |e author  |9 376597 
245 1 0 |a Segundo coloquio sobre ecuaciones diferenciales y aplicaciones 
300 |a 2 v 
942 |c BK 
945 |d 19970113 00:00:00  |a rbrito 
260 |a Maracaibo  |b Universidad del Zulia  |c 1996 
650 0 |a Ecuaciones diferenciales  |9 260083 
650 0 |a Congresos  |9 257560 
650 0 |a Ecuaciones  |9 260137 
650 0 |a Análisis matemático   |9 260146 
583 |a last modification  |c 19970113 00:00:00  |k Rodrigo Vera 
999 |c 255120  |d 255118 
952 |0 0  |1 0  |4 0  |6 515_350000000000000_UNI_1996  |7 0  |8 A  |9 277222  |a BIBMAT  |b BIBMAT  |d 2019-11-19  |h v.1  |i 3275329  |o 515.35 UNI 1996  |p 3275329  |r 2025-01-07  |w 2019-11-19  |y BK  |k MAT 
952 |0 0  |1 0  |4 0  |6 515_350000000000000_UNI_1996  |7 0  |8 A  |9 277223  |a BIBMAT  |b BIBMAT  |d 2019-11-19  |h v.2  |i 3275337  |o 515.35 UNI 1996  |p 3275337  |r 2025-01-07  |w 2019-11-19  |y BK  |k MAT